00495nam a2200145Ia 4500008004100000020001500041041000800056082001600064100002100080245016800101250000600269260004400275300000800319650002200327210716s2003 xx 000 0 und d a8172249314 aeng a374.22 HUMJ aHumphries, John. aManaging successful teams: how to get the results you want by working effectively with others.bHow to get the results you want by working effectively with others. a1 aNew DelhibJaico Publishing Housec2003 a120 aGeneral Knowledge